000 00300nam a22001337a 4500
008 170925b xxu||||| |||| 00| 0 eng d
020 _a9781555427191
041 _aeng
080 _a37
100 _a46
101 _aEDU
245 _aCHANGING MANAGERIAL IMPERATIVES
_cALFRED,R.L
942 _2udc
_cBK
999 _c29536
_d29536